| 000 | 00815nam a2200241Ia 4500 | ||
|---|---|---|---|
| 003 | GCL | ||
| 008 | 140319s9999 xx 000 0 ara d | ||
| 040 |
_aGCL / _cGCL |
||
| 082 | 0 | 4 |
_a209.042 _bع ع |
| 100 | 1 | _aعكاشة عبدالمنان الطيبى | |
| 245 | 1 | 0 |
_aعبادة الاوثان: الاصنام, التماثيل, التصوير, السينما, التليفزيون / _cعكاشة عبدالمنان الطيبى |
| 260 |
_a[S.N] : _bمكتبة التراث الاسلامى ، _c1990 |
||
| 300 | _a290 | ||
| 490 | _a | ||
| 650 | 0 | 4 | _aالتصوير - الات |
| 650 | 0 | 4 | _aالنحت |
| 650 | 0 | 4 | _aالاوثان |
| 650 | 0 | 4 | _aالاصنام |
| 650 | 0 | 4 | _aالوثنية |
| 650 | 0 | 4 | _aالسينما والتليفزيون |
| 650 | 0 | 4 | _aالقران - احكام |
| 942 |
_2ddc _cBK |
||
| 999 |
_c53760 _d53760 |
||